LIBRARY & INFORMATION CENTRE, KCAET, TAVANUR

ONLINE PUBLIC ACCESS CATALOGUE (OPAC)

Seven little plays / (Record no. 493)

MARC details
000 -LEADER
fixed length control field 00331cam a2200145ua 4500
041 ## - LANGUAGE CODE
Language code of text/sound track or separate title eng
082 ## - DEWEY DECIMAL CLASSIFICATION NUMBER
Classification number 822
Item number END/SE
100 ## - MAIN ENTRY--AUTHOR NAME
Personal name Endicott, M.
245 ## - TITLE STATEMENT
Title Seven little plays /
260 ## - PUBLICATION, DISTRIBUTION, ETC. (IMPRINT)
Place of publication London :
Name of publisher Longman ,
Year of publication 1967.
300 ## - PHYSICAL DESCRIPTION
Number of Pages 64 ; .
942 ## - ADDED ENTRY ELEMENTS (KOHA)
Koha item type Books
Holdings
Withdrawn status Lost status Damaged status Home library Current library Date acquired Full call number Accession Number Koha item type
Withdrawn     KAUAET KAUAET 07/04/2012 822 12304 Books
free website counter